Visualizzazione normale
Vista MARC
- Satie Erik
di Personal Name
Records bibliografici associati: 1
001 - CONTROL NUMBER
- control field: 25473
003 - CONTROL NUMBER IDENTIFIER
- control field: IT-RoPau
005 - DATE AND TIME OF LATEST TRANSACTION
- control field: 20140517153858.0
008 - FIXED-LENGTH DATA ELEMENTS
- fixed length control field: 140517|| aca||aabn | a|a d
040 ## - CATALOGING SOURCE
- Original cataloging agency: IT-RoPau
- Transcribing agency: IT-RoPau
100 ## - HEADING--PERSONAL NAME
- Personal name: Satie Erik
- Miscellaneous information: Codice autore musica SPICS: 1590
- Relator term: Autore musica
- Name of part/section of a work: Les Anges - Sylvie - Elegie - Gnossienne n. 4 - Air du poete - Spieen - Dapheneo - Air du rat - Chanson medievale - Chanson - Gnossienne n. 1 - Hymne
670 ## - SOURCE DATA FOUND
- Source citation: Work cat.: (IT-RoPau)101150: AA.VV. 794, Melodie pasagere